| 000 | 00940nam a2200325 a 4500 | ||
|---|---|---|---|
| 003 | AR-BaBNM | ||
| 005 | 20251128210223.0 | ||
| 008 | 082120s2002 ||||||||||||||000 | spa|| | ||
| 020 | _a950-46-0402-1 | ||
| 040 | _cAR-BaBNM | ||
| 100 | 1 | _aMancini, Luis Leonardo | |
| 245 | 0 | 0 | _aLos mapas conceptuales |
| 250 | _a1ª ed. | ||
| 260 |
_aBuenos Aires _bSantillana _c1996 |
||
| 300 |
_a45 p. _btablas |
||
| 490 | 0 |
_aCuadernos de apoyo didáctico _vv. 1 |
|
| 500 | _aContiene anexo con mapas conceptuales p. 35-43 | ||
| 504 | _aContiene bibliografía p. 45 | ||
| 650 | 4 | _aMETODOS DE ENSEÑANZA | |
| 650 | 4 | _aTECNICAS DIDACTICAS | |
| 650 | 4 | _aPROCESO DE APRENDIZAJE | |
| 653 | _aEDUCACION POLIMODAL | ||
| 653 | _aNIVEL MEDIO | ||
| 653 | _aMAPAS CONCEPTUALES | ||
| 653 | _aCONTENIDOS BASICOS COMUNES | ||
| 653 | _aCONTENIDOS CURRICULARES | ||
| 700 | 1 |
_aMancini, Susana Edith _ecolaborador |
|
| 942 | _cBK | ||
| 998 | _cRaquel | ||
| 999 |
_c14560 _d14560 |
||